00533nam a2200157 a 450000100100000000500170001000800410002702000150006804000250008310000270010824500720013526000360020730000210024350000760026470000350034000004005820240905110224.0130805s1997 ag 000 0 spa d a9500817314 aDO-SdBNPbspacBNPHU1 aTamaro, Susannad1957-10aAnima mundi /cSusanna Tamaro ; traducción María Eleonor Gorga. aBuenos Aires :bAtlanta,c1997. a283 p. ;c24 cm. aIncluye datos biográficos del autor en la solapa de la contracubierta1 aEleonor Gorga, María,etrad.